Nursing diagnois handbook/ (Record no. 526)
[ view plain ]
| 000 -LEADER | |
|---|---|
| fixed length control field | 00447nam a22001697a 4500 |
| 005 - DATE AND TIME OF LATEST TRANSACTION | |
| control field | 20241101161119.0 |
| 008 - FIXED-LENGTH DATA ELEMENTS--GENERAL INFORMATION | |
| fixed length control field | 241101b |||||||| |||| 00| 0 eng d |
| 020 ## - INTERNATIONAL STANDARD BOOK NUMBER | |
| International Standard Book Number | 9780323036641 |
| 050 ## - LIBRARY OF CONGRESS CALL NUMBER | |
| Classification number | RT48.6 |
| Item number | .A35 ACK |
| 245 ## - TITLE STATEMENT | |
| Title | Nursing diagnois handbook/ |
| Remainder of title | ;a guide to planning care |
| 250 ## - EDITION STATEMENT | |
| Edition statement | 7th |
| 260 ## - PUBLICATION, DISTRIBUTION, ETC. | |
| Place of publication, distribution, etc. | USA |
| Name of publisher, distributor, etc. | Mosby Elsevier |
| Date of publication, distribution, etc. | c2006 |
| 300 ## - PHYSICAL DESCRIPTION | |
| Extent | xxi,1353p |
| 700 ## - ADDED ENTRY--PERSONAL NAME | |
| Personal name | Ackley, Betty j. |
| 700 ## - ADDED ENTRY--PERSONAL NAME | |
| Personal name | Ladwig, Gail B |
| 942 ## - ADDED ENTRY ELEMENTS (KOHA) | |
| Source of classification or shelving scheme | Library of Congress Classification |
| Koha item type | Books |
| Suppress in OPAC | No |
| 999 ## - | |
| -- | 526 |
| -- | 526 |
| Withdrawn status | Lost status | Source of classification or shelving scheme | Damaged status | Not for loan | Collection | Home library | Current library | Shelving location | Date acquired | Total checkouts | Full call number | Barcode | Date last seen | Price effective from | Koha item type | Copy number |
|---|---|---|---|---|---|---|---|---|---|---|---|---|---|---|---|---|
| Library of Congress Classification | Non-fiction | Undergraduate Library (Christ Temple) | Undergraduate Library (Christ Temple) | General stacks | 11/01/2024 | RT48.6.A35 ACK | ulct00000125 | 11/01/2024 | 11/01/2024 | Books | ||||||
| Library of Congress Classification | Non-fiction | Undergraduate Library (Christ Temple) | Undergraduate Library (Christ Temple) | General stacks | 11/01/2024 | RT48.6.A35 ACK | ulct00000124 | 11/01/2024 | 11/01/2024 | Books | ||||||
| Library of Congress Classification | Non-fiction | Undergraduate Library (Christ Temple) | Undergraduate Library (Christ Temple) | General stacks | 11/01/2024 | RT48.6.A35 ACK | ulct00000123 | 11/01/2024 | 11/01/2024 | Books | 1 |